000 00444pab a2200145 454500
008 180718b2004 xxu||||| |||| 00| 0 eng d
100 _aGraham, Hilary
245 _aTackling inequalities in health in England: remedying health disadvantages, narrowing health gaps or reducing health gradients?
260 _c2004
300 _ap.115-31.
362 _aJan
650 _aHealth services
773 _aJournal of Social Policy
909 _a62493
999 _c62493
_d62493